000 01134cam a2200325 i 4500
001 12550
003 BD-RjUL
005 20211208235320.0
008 140129s1979 caua b 001 0 eng
020 _a0805336699
035 _a(BD-RjUL)12599
040 _aDLC
_cDLC
_dDLC
_dBD-RjUL
_beng
041 _aeng
082 0 0 _a599.88045
_bGRE 1979
245 0 4 _aThe Great apes /
_cedited by David A. Hamburg and Elizabeth R. McCown.
260 _aMenlo Park, Calif. :
_bBenjamin/Cummings Pub. Co.,
_cc1979.
300 _axiii, 554 p. :
_bill. ;
_c24 cm.
500 _a"A publication of the Society for the Study of Human Evolution."
504 _aBibliography: p. 501-538. and index.
650 0 _aApes
_xBehavior.
_939086
650 0 _aMammals
_xBehavior.
_938309
700 1 _aHamburg, David A.,
_d1925-
_939087
700 1 _aMcCown, Elizabeth R.
_939088
710 2 _aSociety for the Study of Human Evolution.
_939089
942 _2ddc
_cBK
999 _c12550
_d12550